LEADER 01693oam 2200433Ia 450 001 9910696339003321 005 20080128084824.0 035 $a(CKB)5470000002377443 035 $a(OCoLC)55849039 035 $a(EXLCZ)995470000002377443 100 $a20040706d2004 ua 0 101 0 $aeng 135 $aurmn||||||||| 181 $ctxt$2rdacontent 182 $cc$2rdamedia 183 $acr$2rdacarrier 200 12$aA compilation of rate parameters of water-mineral interaction kinetics for application to geochemical modeling$b[electronic resource] /$fby James L. Palandri and Yousif K. Kharaka ; prepared in cooperation with the National Energy Technology Laboratory, United States Department of Energy 210 1$aMenlo Park, Calif. :$cU.S. Dept. of the Interior, U.S. Geological Survey,$d[2004] 215 $av, 64 pages $cdigital, PDF file 225 1 $aU.S. Geological Survey open-file report ;$v2004-1068 300 $aTitle from title screen (viewed July 6, 2004). 300 $a"March 2004." 320 $aIncludes bibliographical references (pages 47-64). 606 $aWater chemistry 606 $aGeochemical modeling 615 0$aWater chemistry. 615 0$aGeochemical modeling. 700 $aPalandri$b James L$01409937 701 $aKharaka$b Yousif K$01384506 712 02$aGeological Survey (U.S.) 712 02$aNational Energy Technology Laboratory (U.S.) 801 0$bGIS 801 1$bGIS 801 2$bOCLCQ 801 2$bGPO 906 $aBOOK 912 $a9910696339003321 996 $aA compilation of rate parameters of water-mineral interaction kinetics for application to geochemical modeling$93497639 997 $aUNINA LEADER 02230nam 2200529 a 450 001 9910563162703321 005 20240922213710.0 024 7 $a10.3726/b12861 035 $a(CKB)4340000000239334 035 $a(WaSeSS)Ind00078602 035 $a(oapen)https://directory.doabooks.org/handle/20.500.12854/28668 035 $a(MiAaPQ)EBC31203041 035 $a(oapen)doab28668 035 $a(EXLCZ)994340000000239334 100 $a20131010h20121992 || | 101 0 $ager 135 $aur||||||||||| 181 $ctxt$2rdacontent 182 $cc$2rdamedia 183 $acr$2rdacarrier 200 10$aVom Dialog in der Epik zum epischen Dialog $eEvolution der Redeformen in der russischen Literatur des 11. bis 18. Jahrhunderts /$fWalter Koschmal 210 $aVienna, Austria $cGesellschaft zur Fo?rderung slawistischer Studien$d2012, c1992 215 $a1 online resource (218 p.) 225 1 $aWiener Slawistischer Almanach. Sonderband,$x0258-6853 ;$v34 311 08$a3-95479-645-7 320 $aIncludes bibliographical references. 330 $aGerman and Russian. Includes bibliographical references (p. 204-218). Durchsuchbare elektronische Faksimileausgabe als PDF. Digitalisiert im Rahmen des DFG-Projektes Digi20 in Kooperation mit der BSB Mu?nchen. OCR-Bearbeitung durch den Verlag Otto Sagner. 410 0$aWiener Slawistischer Almanach.$pSonderband ;$v34. 606 $aRussian language$xDiscourse analysis 606 $aDialogue analysis 606 $aDirect discourse in literature 606 $aIndirect discourse in literature 606 $aRussian literature$yTo 1700$xHistory and criticism 606 $aRussian literature$y18th century$xHistory and criticism 615 0$aRussian language$xDiscourse analysis. 615 0$aDialogue analysis. 615 0$aDirect discourse in literature. 615 0$aIndirect discourse in literature. 615 0$aRussian literature$xHistory and criticism. 615 0$aRussian literature$xHistory and criticism. 700 $aKoschmal$b Walter$0687108 801 0$bWaSeSS 801 1$bWaSeSS 906 $aBOOK 912 $a9910563162703321 996 $aVom Dialog in der Epik zum epischen Dialog$92159367 997 $aUNINA